Elements- Sudden Death - Statistics

General Stats
  • This quiz has been taken 138 times
  • The average score is 8 of 15
Answers on the Grid
Answers color-coded by a green-red scale on the quiz's grid according to % correct below.
Helium
Heluim
Angloium
Franicum
Francium
Oxygen
Water
Crabon
Carbon
Ohioium
Potassium
Pottasium
Sodium
Noen
Krypton
Neon
Boron
Alloy
Mercury
Venus
Earthium
Iodine
Chloride
Chlorine
Kazion
Nitrogen
Magnesium
Tennessine
Newtonian
Bhutan
 
Answer Stats
Answer % Correct
Helium
94%
Oxygen
68%
Carbon
67%
Sodium
65%
Potassium
54%
Boron
53%
Nitrogen
53%
Mercury
52%
Neon
52%
Francium
48%
Magnesium
48%
Iodine
47%
Chlorine
46%
Krypton
44%
Tennessine
23%
No matching quizzes found
Score Distribution
Percent of People with Each Score
Percentile by Number Answered
Your Score History
You have not taken this quiz